| 000 | 00659nam a2200193Ia 4500 | ||
|---|---|---|---|
| 008 | 151121s9999||||xx |||||||||||||| ||und|| | ||
| 082 | _a813-/दसनू | ||
| 082 | _bHNW-26856 | ||
| 100 | _aदसनूरकर स्नेहलता | ||
| 245 | _aप्रियदर्शिनी | ||
| 260 | _b"ज्ञानदा प्रकाशन, पुणे।" | ||
| 260 | _c-- | ||
| 300 | _a175 | ||
| 600 | _aदसनूरकर स्नेहलता | ||
| 630 | _aप्रियदर्शिनी | ||
| 700 | _aदसनूरकर स्नेहलता | ||
| 730 | _aप्रियदर्शिनी | ||
| 942 | _cBOOK | ||
| 999 |
_c1223252 _d1223249 |
||